Serge Gainsbourg - La ballade Johnny Jane (paroles) - Statistiques

Statistiques générales
  • Ce quiz a été pris 92 fois
  • Le résultat moyen est 139 sur 209
Statistiques - réponses
Réponse % Correct
Jane
98%
jane
98%
Johnny
96%
le
96%
et
94%
la
94%
à
92%
les
92%
de
90%
ça
88%
no
88%
te
88%
un
88%
hey
82%
Hey
82%
dans
80%
des
80%
land
80%
man's
80%
qui
80%
camion
78%
du
78%
Je
78%
ta
78%
tes
78%
toi
78%
y
78%
yeux
78%
moi
76%
plus
76%
candides
72%
lieux
72%
non
72%
t'aime
72%
benne
70%
film
70%
Gainsbourg
70%
joli
70%
sordides
70%
souviens-tu
70%
baskets
68%
thème
68%
que
66%
tous
66%
mouches
62%
sont
62%
traînes
62%
tu
62%
atlantides
60%
en
60%
camions
56%
ton
56%
comme
54%
décharges
54%
Oh
54%
survolent
54%
amour
52%
autre
52%
cantharides
50%
publiques
50%
temps
50%
tout
48%
vides
48%
suicide
46%
conserves
44%
l'acide
44%
vers
44%
viennent
44%
d'autres
42%
déverser
42%
ne
42%
recherche
42%
si
42%
sous
42%
trancher
42%
carotide
40%
ces
40%
florides
40%
infanticides
40%
l'amour
40%
pas
40%
ronge
40%
souvenir
40%
bien
38%
coups
38%
pieds
38%
pour
38%
bonheur
36%
humide
36%
livide
36%
lucide
36%
peines
36%
sois
36%
veux-tu
36%
limpides
34%
viendra
34%
cheveux
32%
courts
32%
efface
32%
liquide
32%
mémoire
32%
oeil
32%
poing
32%
rageur
32%
recommence
32%
stupide
32%
teint
32%
torrides
32%
brefs
30%
cieux
30%
d'un
30%
instants
30%
prendre
30%
t'emmener
30%
choses
28%
face
28%
fais
28%
regarde
28%
balades
26%
écrase
24%
l'enfant
24%
transportera
22%
Aucun quiz correspondant
Distribution des résultats
% des personnes avec chaque résultat
Percentile par nombre de réponses
Votre historique - résultats
Vous n’avez pas pris ce quiz